Організаційно-правові та психологічні засади вдосконалення взаємодії працівників оперативних підрозділів та слідчих (Запис № 461163)

МАРК-запис
000 -Лідер
fixed length control field 03943nam a22002657a 4500
001 - Контрольний номер
control field 216219141
003 - Ідентифікатор контрольного номера
control field UA-OsUOA
005 - Дата та час останнього входження (трансакції)
control field 20210118135038.0
008 - Елементи даних фіксованої довжини – загальна інформація
fixed length control field 200830b un ||||| m||| 00| 0 ukr d
040 ## - Джерело каталогізації
Агенція оригінальної каталогізації UA-OsUOA
Мова каталогізації ukr
Агенція, яка здійснювала перезапис UA-OsUOA
Агенція, яка здійснювала модифікацію UA-OsUOA
041 ## - Код мови
Код мови тексту/ звукової доріжки чи окремого заголовка (П) ukr
080 ## - Індекс Універсальної десяткової класифікації
Індекс Універсальної десяткової класифікації (УДК) (НП) 343.126+159.9.072
090 ## - Локальний шифр розміщення
Класифікаційний індекс УДК 343.126+159.9.072
095 ## - Код спеціальності для авторефератів
Код спеціальності 19.00.06
Назва спеціальності юридична психологія
100 ## - Основне введення – ім’я особи
Ім’я особи (НП) Головко М. Б.
245 ## - Відомості про назву
Назва (НП) Організаційно-правові та психологічні засади вдосконалення взаємодії працівників оперативних підрозділів та слідчих
Дані про відповідальність (НП) Головко Михайло Борисович ; наук. керівник Александров Денис Олександрович
260 ## - Публікація, розповсюдження і т.п. (Вихідні дані)
Місце публікації, розповсюдження і т.п. (П) Київ
Дата публікації, розповсюдження і т.п. (П) 2012
300 ## - Фізичний опис
Обсяг 19 с.
502 ## - Примітка про дисертацію
Зв'язок Автореферат дисертації на здобуття наукового ступеня кандидата юридичних наук<br/>
Наймення інституції, що представляється Національна академія внутрішніх справ
Рік отримання вченого ступеня 2012
520 ## - Резюме і т.п.
Резюме, реферат, анотація, тощо (НП) Дисертація присвячена розробці теоретичних засад та практичних рекомендацій щодо вдосконалення процесу професійної взаємодії працівників оперативних підрозділів та слідчих в процесі розкриття та розслідування злочинів.<br/>Для досягнення цієї мети автором проаналізована сутність, завдання та засади взаємодії працівників оперативних підрозділів зі слідчими в процесі розкриття і розслідування злочинів; виявлені закономірності розвитку кримінально-процесуального законодавства та іншої нормативно-правової бази України, що регламентує питання взаємодії працівників оперативних підрозділів та слідчих; з’ясовані критерії ефективності взаємодії працівників оперативних підрозділів та слідчих, а також психологічні чинники, що на неї впливають; визначені професійно-психологічні характеристики діяльності працівників оперативних підрозділів та слідчих; проведений порівняльний аналіз психологічної структури професійної діяльності працівників оперативних підрозділів та слідчих в контексті організації ефективної взаємодії при розкритті злочинів та розслідуванні кримінальних справ; сформульовані організаційно-правові засади вдосконалення порядку взаємодії працівників оперативних підрозділів та слідчих; розроблені рекомендації з психологічного супроводження професійної діяльності працівників оперативних підрозділів та слідчих із метою підвищення її ефективності.
650 ## - Додаткове предметне введення – тематичний термін
Джерело заголовка чи терміна UDC
Тематичний термін чи географічна назва, як елемент введення (НП) 343.1 Кримінальне судочинство
942 ## - Додаткові елементи входу (Коха)
Source of classification or shelving scheme Universal Decimal Classification
Тип елемента Koha Автореферат
955 ## - Код типу видання за змістом
Код типу видання за змістом (НП) Наукові видання

Немає доступних примірників.